Statistics for Beyonce Charting Songs (Billboard Hot Rap / R&B)

Click here to take the quiz!

General Stats

  • This quiz has been taken 14 times
    (5 since last reset)
  • The average score is 63 of 87

Answer Stats

AlbumWeeks OnPeakArtist(s)Song% Correct
Renaissance1 Week#27BeyonceAMERICA HAS A PROBLEM
100%
Dangerously in Love33 Weeks#1Beyonce ft. Sean PaulBaby Boy
100%
B'day14 Weeks#70Beyonce & ShakiraBeautiful Liar
100%
Renaissance20 Weeks#1BeyonceBREAK MY SOUL
100%
The Lion King: The Gift2 Weeks#27Beyonce, SAINt JHN & Wizkid ft. Blue Ivy CarterBrown Skin Girl
100%
Dangerously in Love25 Weeks#1Beyonce ft. Jay-ZCrazy in Love
100%
Renaissance30 Weeks#3BeyonceCUFF IT
100%
Lemonade2 Weeks#26BeyonceDaddy Lessons
100%
Dangerously in Love30 Weeks#17BeyonceDangerously in Love
100%
B'day20 Weeks#1Beyonce ft. Jay-ZDeja Vu
100%
BEYONCE25 Weeks#1Beyonce ft. Jay-ZDrunk in Love
100%
BEYONCE23 Weeks#12Beyonce ft. Nicki Minaj or Chimamanda Ngozi Adichie***Flawless
100%
Lemonade17 Weeks#6BeyonceFormation
100%
I Am... Sasha Fierce19 Weeks#16BeyonceIf I Were a Boy
100%
Renaissance4 Weeks#11BeyonceI'M THAT GIRL
100%
Lemonade2 Weeks#28BeyonceLove Drought
100%
BEYONCE7 Weeks#25Beyonce ft. DrakeMine
100%
BEYONCE26 Weeks#9BeyoncePartition
100%
446 Weeks#2Beyonce ft. Andre 3000Party
100%
Renaissance2 Weeks#16BeyoncePLASTIC OFF THE SOFA
100%
Lemonade2 Weeks#27BeyonceSandcastles
100%
Suga26 Weeks#1Megan Thee Stallion ft. BeyonceSavage
100%
I Am... Sasha Fierce28 Weeks#1BeyonceSingle Ladies (Put a Ring on It)
100%
Lemonade20 Weeks#4BeyonceSorry
100%
Renaissance1 Week#21BeyonceTHIQUE
100%
I Am... Sasha Fierce20 Weeks#37Beyonce ft. Lady GagaVideo Phone
100%
Lemonade4 Weeks#10Beyonce ft. The Weeknd6 Inch
80%
BEYONCE24 Weeks#1Beyonce7/11
80%
Renaissance10 Weeks#8BeyonceALIEN SUPERSTAR
80%
Renaissance1 Week#28BeyonceALL UP IN YOUR MIND
80%
#1s25 Weeks#3Beyonce ft. Slim ThugCheck on It
80%
440 Weeks#12BeyonceCountdown
80%
Renaissance2 Weeks#13BeyonceCOZY
80%
I Am... Sasha Fierce27 Weeks#3BeyonceDiva
80%
Lemonade3 Weeks#16Beyonce ft. Jack WhiteDon't Hurt Yourself
80%
Renaissance3 Weeks#12Beyonce ft. BEAMENERGY
80%
The Pinkprint26 Weeks#11Nicki Minaj ft. BeyonceFeeling Myself
80%
Lemonade1 Week#30Beyonce ft. James BlakeForward
80%
Lemonade2 Weeks#21Beyonce ft. Kendrick LamarFreedom
80%
B'day49 Weeks#10BeyonceGet Me Bodied
80%
I Am... Sasha Fierce20 Weeks#16BeyonceHalo
80%
Renaissance2 Weeks#20BeyonceHEATED
80%
Lemonade20 Weeks#6BeyonceHold Up
80%
B'day27 Weeks#1BeyonceIrreplaceable
80%
Dreamgirls20 Weeks#23BeyonceListen
80%
457 Weeks#1BeyonceLove on Top
80%
Dangerously in Love33 Weeks#2BeyonceMe, Myself and I
80%
Renaissance1 Week#22Beyonce ft. Grace Jones & TemMOVE
80%
Dangerously in Love20 Weeks#8BeyonceNaughty Girl
80%
Lemonade2 Weeks#22BeyoncePray You Catch Me
80%
414 Weeks#30BeyonceRun the World (Girls)
80%
The Lion King: Original Motion Picture Soundtrack and The Lion King: The Gift2 Weeks#37BeyonceSpirit
80%
Renaissance1 Week#18BeyonceSUMMER RENAISSANCE
80%
I Am... Sasha Fierce20 Weeks#48BeyonceSweet Dreams
80%
B'day39 Weeks#11Beyonce ft. Jay-ZUpgrade U
80%
Renaissance2 Weeks#17BeyonceVIRGO'S GROOVE
80%
Lemonade2 Weeks#23BeyonceAll Night
60%
Cadillac Records17 Weeks#79BeyonceAt Last
60%
Homecoming: The Live Album17 Weeks#24BeyonceBefore I Let Go
60%
426 Weeks#4BeyonceBest Thing I Never Had
60%
Renaissance5 Weeks#10BeyonceCHURCH GIRL
60%
I Am... Sasha Fierce26 Weeks#3BeyonceEgo
60%
B'day8 Weeks#66BeyonceKitty Kat
60%
BEYONCE14 Weeks#36BeyoncePretty Hurts
60%
Renaissance1 Week#26BeyoncePURE / HONEY
60%
Grateful16 Weeks#23DJ Khaled ft. Beyonce & Jay-ZShining
60%
Father of Asahd7 Weeks#14DJ Khaled ft. Future, Jay-Z & BeyonceTop Off
60%
FutureSex/LoveSounds56 Weeks#3Justin Timberlake Duet with BeyonceUntil the End of Time
60%
BEYONCE18 Weeks#12BeyonceXO
60%
BEYONCE1 Week#48BeyonceBlow
40%
436 Weeks#7BeyonceDance for You
40%
My Life II... The Journey Continues (Act 1)3 Weeks#89Mary J. Blige ft. BeyonceLove a Woman
40%
The Lion King: The Gift1 Week#33Beyonce, Jay-Z & Childish Gambino ft. Oumou SangareMOOD 4 EVA
40%
Magna Carta Holy Grail20 Weeks#19Jay-Z ft. BeyoncePart II (On the Run)
40%
The Element of Freedom11 Weeks#60Alicia Keys ft. BeyoncePut It in a Love Song
40%
BEYONCE1 Week#31BeyonceRing Off
40%
B'day20 Weeks#3BeyonceRing the Alarm
40%
Revival7 Weeks#6Eminem ft. BeyonceWalk on Water
40%
The Blueprint 2: The Gift & The Curse20 Weeks#5Jay-Z ft. Beyonce'03 Bonnie & Clyde
20%
Non-Album Single3 Weeks#18BeyonceBLACK PARADE
20%
4:441 Week#22Jay-Z ft. BeyonceFamily Feud
20%
Kingdom Come13 Weeks#56Jay-Z ft. BeyonceHollywood
20%
Speak My Mind7 Weeks#67BeyonceIn da Club / Sexy Lil' Thug
20%
Here I Stand20 Weeks#7Usher ft. Beyonce & Lil WayneLove In This Club Part II
20%
More Only1 Week#45Beyonce ft. Mr. VegasStanding on the Sun (Remix)
20%
The Fighting Temptations20 Weeks#35Beyonce ft. P. Diddy or Ghostface KillahSummertime
20%
Dangerously in Love and Dance with My Father20 Weeks#62Luther Vandross Duet with Beyonce KnowlesThe Closer I Get to You
20%

Score Distribution

Percentile by Number Answered

Percent of People with Each Score

Your Score History

You have not taken this quiz since the last reset